MDQL
is popping MORE tags! Check the
thread
!
Quizzes
Events
Quiz Creation
Community
Videos
Private Events
Remove Ads
Sign In
Join for FREE
Feedback
Dark Mode
Quiz Categories
Sports
Geography
Music
Movies
Television
Just For Fun
Miscellaneous
History
Literature
Language
Science
Gaming
Entertainment
Religion
Holiday
For Kids
Quiz Lab
Recent
Popular Today
Quiz Kudos Today
Editor Picks
Curator Picks
Quizzes by...
Day
Popularity
Type
Ratings
Length
Year
Community
Subscriptions
Recent Discussions
Orange Saloon
Badges
Playlists
Quests
Create
Leaderboards
Showdown
Live 5
Trivia Bingo
Activity
Puzzle Library
Sporcle Events
Private Events
Virtual Trivia
Globe League
Become a Host
Pub Owners
SporcleCon
Opinionation
Our Games
Videos
Blog
Mobile Apps
Partnerships
Remove Ads and Go Orange
Feedback
Language
Vocabulary
Begins and Ends
Definition
Spanish
French
German
Italian
Chinese
Latin
Translation
Japanese
Language
Vocabulary
Begins and Ends
Definition
Spanish
French
German
Italian
Chinese
Latin
Translation
Japanese
Random Quiz
Search Sporcle
×
Quiz Lab
Quiz Lab
Language
Vocabulary
Type in answers that appear in a list
Type in answers that appear in a list
Classic
Best Score? Go Orange.
Spanish Adjective Vocabulary (type the English) Stats
Can you translate the Spanish Adjective Vocabulary?
By
SraBarichko
2m
31 Questions
93 Plays
93 Plays
93 Plays
Comments
Comments
Give Quiz Kudos
Give Quiz Kudos
-
- Ratings
hide this ad
Forced Order
Answers have to be entered in order
Answers have to be entered in order
Random Order
Randomize order of answers
Randomize order of answers
Replay
Link that replays current quiz
Next Quiz
Link to next quiz in quiz playlist
You Got
0%
They Got
Avg Score
54%
Avg Friend Score
Upgrade to see
Score Distribution
Jump to the score distribution portion of the page
Score
0/31
Timer
02:00
0
Plays Today
Spanish
English
% Correct
cómico(a)
funny
69.9%
atlético(a)
athletic
65.6%
joven
young
64.5%
alto(a)
tall
63.4%
serio
serious
60.2%
gordo(a)
overweight
58.1%
romántico(a)
romantic
58.1%
tímido(a)
shy
58.1%
activo(a)
active
57%
inteligente
intelligent
57%
rubio(a)
light-featured
54.8%
perezoso(a)
lazy
54.8%
bajo(a)
short
53.8%
aburrido(a)
boring
53.8%
intelectual
intellectual
53.8%
pelirrojo(a)
red-haired
52.7%
Spanish
English
% Correct
delgado(a)
thin
52.7%
simpático(a)
nice
51.6%
trabajador(a)
hard-working
49.5%
viejo(a)
old
49.5%
flaco(a)
skinny
49.5%
bonito(a)
handsome or pretty
48.4%
moreno(a)
dark-featured
47.3%
antipático(a)
mean
44.1%
guapo(a)
good-looking
44.1%
extrovertido(a)
outgoing
39.8%
gracioso(a)
funny
32.3%
tonto(a)
idiotic
31.2%
callado(a)
quiet
28%
canoso(a)
gray-haired
21.5%
travieso(a)
mischievous
12.9%
Quiz Playlist
Details
Report
Send in Message
Add To Playlist
Classic:
Type in answers that appear in a list
Forced Order:
Answers have to be entered in order
Random Order:
Randomize order of answers
Last Updated: Feb 16, 2017
Quiz Scoreboard
CHALLENGE
Sign Up to Join the Scoreboard
Show All
Scores
Hide
Comments
May contain spoilers
Recently Published
Colored Red Africa Blitz
by spor1
Geography
30s
Find the 'City' Movie
by crazypaving
Movies
60s
5x2 Blitz: Bands
by SL_Kpop136
Music
30s
More to Explore
Quiz From the Vault
Featured Blog Post
14 Easter Pick-up Lines to Find Eggs With
hide this ad
You Might Also Like...
Tags
Spanish Quiz
Vocabulary Quiz
Adjective
English
Today's Top Quizzes in Language
Browse Language
hide this ad
Today's Top Quizzes in Vocabulary
Browse Vocabulary
Top Contributed Quizzes in Language
1
Arabic Numerals
2
1-10 Letter F Words III
3
1-10 Letter G Words III
4
1-10 Letter H Words III
5
1-10 Letter I Words III
6
What Word Starts All?
7
1-10 Letter J Words III
8
1-10 Letter K Words III
9
1-10 Letter L Words III
10
1-10 Letter M Words III
Explore More
Trending Topics
NBA
Anime
Crossword
Disney
Harry Potter
Kpop
Marvel
Song
Country
The Office
Puzzle
Soccer
WWE
NFL
Pokémon
hide this ad
More By:
SraBarichko
Quiz
Plays
Rating
Category
Featured
Created
Spanish Verb Vocabulary
971
1.80
Language
Jan 8, 2015
Spanish Hair and Eye Color (type the English)
878
5.00
Language
Apr 29, 2015
Unit 1: Greetings and Goodbyes
635
Language
Oct 14, 2014
Spanish School Supplies
614
2.33
Language
Feb 24, 2015
Spanish Family Vocabulary (type the English)
571
5.00
Language
May 16, 2014
Go to Creator's Profile
Score Distribution
Quiz Creator Spotlight
SraBarichko
Follow
Send a Message
Quizzes Created
-
Created Quiz Play Count
-
More By This Creator
Popular Quizzes Today
1
Colored Red Africa Blitz
2
Find the 'City' Movie
3
5x2 Blitz: Bands
4
Find the US States - No Outlines Minefield
5
The Countries of the World
6
Find the US States
7
US States
8
Find the Countries of Europe - No Outlines Minefield
More Language Quizzes
'B' Words to German and French
Editor's Pick
Trending Quizzes
Colored Red Europe Blitz I
Colored Red Africa Blitz II
Colored Red Europe Blitz II
Colored Red Africa Blitz III
Colored Red Europe Blitz III
Recently Updated
How Do You Spell That?
pecheneg
Godzilla Movies
pecheneg
Grab Bag: 4-10 Letters
pecheneg
2024 March Madness Bracket
pecheneg
Famous TV Couples
Peacemaker
Champions League XIs: Real Madrid
pecheneg
Largest US Cities 1790-2010
pecheneg
Rides in Walt Disney World
pecheneg
Most Oscar Losses (Acting)
pecheneg
Beyoncé Albums
pecheneg
Trending Topics
Crossword
Disney
Harry Potter
NBA
Anime
Kpop
Marvel
NFL
The Office
Soccer
WWE
Puzzle
Song
Country
Pokémon
Your Account Isn't Verified!
In order to create a playlist on Sporcle, you need to verify the email address you used during registration. Go to your
Sporcle Settings
to finish the process.
Report this User
Report this user for behavior that violates our
Community Guidelines
.
Details:
Send Report
Go to the Sporcle.com Mobile Site →
Comments